000 00682nam a22001815i 4500
001 162212
003 ES-MaACL
005 20230906212444.0
008 940301s1840 sp |||| | spa d
040 _aAS
_bspa
100 1 _aPita Pizarro, Pio.
_9131186
245 1 0 _aExamen económico, histórico-crítico de la Hacienda y Deuda del Estado, proyecto de su reforma general y la del Banco ... /
_cpor Pio Pita Pizarro.
260 _aMadrid :
_b[s.n.],
_c1840 (
_fImprenta de Narciso Sánchez)
300 _aVII, 186 [i.e. 486] p. ;
_c22 cm.
597 1 _aError de pág.: de la p. 485 pasa a la 186.
752 _aEspaña -
_dMadrid
852 _aES-MaACL
_jG-12782
_z-- Enc. hol.
999 _c162212
_d162212